000 00489nam a2200181 a 4500
001 2667
003 CO-ViMGA
008 141112s2004 ck r 000 u spa d
040 _aCO-ViMGA
_bspa
_cCO-ViMGA
082 0 4 _a853.44 B831c
100 1 _aBufalino, Gesualdo
245 1 0 _aCalendas griegas :
_brecuerdos de una vida imaginaria
260 _aSantafé de Bogotá :
_bNorma,
_c1995
300 _a241 p
490 _aLa otra orilla
650 1 4 _aNOVELA ITALIANA
_92688
942 _2ddc
_cBK
999 _c14742
_d14742